[Event "Wombats-Hedgehogs po"]
[Site "?"]
[Date "2011.05.09"]
[Round "1.1"]
[White "Tennant, Steve"]
[Black "Franklin"]
[Result "1-0"]
[WhiteElo "2268"]
[BlackElo "2206"]
[PlyCount "79"]
[SourceDate "2011.05.11"]

1. c4 Nf6 2. Nc3 e6 3. d4 Bb4 4. f3 d5 5. a3 Be7 6. e4 dxe4 7. fxe4 e5 8. d5
Bc5 9. Nf3 Bg4 10. Qd3 Bxf3 11. gxf3 Nh5 12. b4 Qh4+ 13. Kd1 Bd4 14. Ra2 c6 15.
Rg2 a5 16. Ne2 Qe7 17. Nxd4 exd4 18. Qxd4 axb4 19. axb4 Qxb4 20. Qe5+ Kf8 21.
Rb2 Qa4+ 22. Ke1 Qa5+ 23. Kf2 Nf6 24. Rxb7 Nbd7 25. Qd6+ Ke8 26. dxc6 Qc5+ 27.
Qxc5 Nxc5 28. Rb5 Ne6 29. Bh3 Kd8 30. Bxe6 fxe6 31. Bf4 Rf8 32. Rb8+ Ke7 33.
Rb7+ Ke8 34. Rhb1 e5 35. Rb8+ Ke7 36. Rxa8 Rxa8 37. Bxe5 Ke6 38. Bg3 Ra4 39. c7
Rxc4 40. Rb8 1-0

[Event "Hedgehogs-Wombats po"]
[Site "?"]
[Date "2011.05.09"]
[Round "1.2"]
[White "Rauchman, Michael"]
[Black "Freitag, Todd"]
[Result "1-0"]
[WhiteElo "2039"]
[BlackElo "2038"]
[PlyCount "79"]
[SourceDate "2011.05.11"]

1. e4 e5 2. Bc4 Nf6 3. d3 c6 4. Nf3 d5 5. Bb3 Bd6 6. Nc3 d4 7. Ne2 Nbd7 8. c3
dxc3 9. bxc3 Nc5 10. Bc2 Qe7 11. O-O O-O 12. Ng3 Rd8 13. Bg5 h6 14. Be3 Ng4 15.
Bd2 b6 16. h3 Nf6 17. Nh4 Qc7 18. Qf3 Nh7 19. Ngf5 Ne6 20. Nxd6 Neg5 21. Qg3
Qxd6 22. Rad1 Be6 23. Kh1 Bxa2 24. Nf5 Qa3 25. Qxe5 f6 26. Qg3 Qb2 27. Rc1 Kh8
28. Nxg7 Kxg7 29. f4 Bb1 30. fxg5 hxg5 31. Bxg5 Nxg5 32. Bxb1 Qe2 33. d4 Rh8
34. e5 Rh5 35. Rxf6 Rf8 36. Bd3 Qd2 37. Rcf1 Rxf6 38. exf6+ Kf7 39. Qc7+ Ke6
40. Bc4# 1-0

[Event "Wombats-Hedgehogs po"]
[Site "?"]
[Date "2011.05.09"]
[Round "1.3"]
[White "Zolkos, A."]
[Black "Smith, Mack"]
[Result "1/2-1/2"]
[WhiteElo "1732"]
[BlackElo "1985"]
[PlyCount "103"]
[SourceDate "2011.05.11"]

1. e4 c6 2. d4 d5 3. exd5 cxd5 4. Nf3 Nc6 5. c3 Nf6 6. Bd3 Bg4 7. h3 Bh5 8. Bf4
e6 9. Nbd2 Be7 10. O-O O-O 11. Qb3 Na5 12. Qc2 Bg6 13. Ne5 Rc8 14. Ndf3 a6 15.
Rfe1 b5 16. a3 Nc4 17. Bxg6 hxg6 18. Nd3 a5 19. b4 Nh5 20. Bh2 Bd6 21. Bxd6
Qxd6 22. Nc5 Ra8 23. Nd2 Ra7 24. Nxc4 dxc4 25. bxa5 Rxa5 26. Nb7 Qb6 27. Nxa5
Qxa5 28. a4 Nf4 29. Reb1 bxa4 30. f3 Rd8 31. Rxa4 Qxc3 32. Rxc4 Qe3+ 33. Kh1
Rxd4 34. Rxd4 Qxd4 35. Qe4 Qd6 36. Rc1 Qd2 37. Rg1 Ne2 38. Qa8+ Kh7 39. Ra1
Ng3+ 40. Kh2 Qf4 41. Qa4 Ne4+ 42. Kh1 Ng3+ 43. Kg1 Ne2+ 44. Kf2 Nd4 45. Rd1 e5
46. Qc4 Qh4+ 47. Kf1 f6 48. Qd3 Qg3 49. Qe3 Nf5 50. Qf2 Qf4 51. Re1 Qc4+ 52.
Kg1 1/2-1/2

[Event "Hedgehogs-Wombats po"]
[Site "?"]
[Date "2011.05.09"]
[Round "1.4"]
[White "Jasaitis, Tony"]
[Black "Ellice, Wayne"]
[Result "1-0"]
[WhiteElo "1900"]
[BlackElo "1776"]
[Annotator "Friske,Tom"]
[PlyCount "87"]
[SourceDate "2011.05.11"]

1. e4 e6 2. d3 d5 3. Nd2 c5 4. g3 Nc6 5. Bg2 Nf6 6. Ngf3 Be7 7. O-O O-O 8. e5
Nd7 9. Re1 Qc7 10. Qe2 Nd4 11. Nxd4 cxd4 12. Nf3 Bb4 13. Bd2 Bxd2 14. Qxd2 Qb6
15. Rab1 f6 16. exf6 Nxf6 17. Qf4 Ne4 18. Qh4 Rxf3 19. dxe4 Rxf2 20. Kxf2 d3+
21. Re3 dxc2 22. Rc1 d4 23. Rd3 Bd7 24. Rxc2 Rf8+ 25. Ke2 Bb5 26. e5 Bxd3+ 27.
Kxd3 Qb5+ 28. Rc4 Qxb2 29. Be4 Qb1+ 30. Kxd4 Qb6+ (30... Qg1+ 31. Kd3 Qf1+ 32.
Kc3 Qe1+ 33. Kb3 Qd1+ 34. Ka3) 31. Kc3 Qa5+ 32. Kb3 Qb6+ 33. Rb4 Qe3+ 34. Ka4
b5+ 35. Rxb5 Qd4+ 36. Rb4 Qd7+ 37. Ka3 Rc8 38. Qxh7+ Kf8 39. Qh8+ Kf7 40. Qh5+
Kf8 41. Qh8+ Kf7 42. Bg6+ Kxg6 43. Rg4+ Kf7 (43... Kf5 44. Qh5+) 44. Rxg7# 1-0

[Event "Wombats-Hedgehogs po"]
[Site "?"]
[Date "2011.05.09"]
[Round "1.5"]
[White "Franek, Marty"]
[Black "Shepardson, Tom"]
[Result "1/2-1/2"]
[WhiteElo "1667"]
[BlackElo "1619"]
[Annotator "Friske,Tom"]
[PlyCount "71"]
[SourceDate "2011.05.11"]

1. d4 Nf6 2. c4 d6 3. Nc3 g6 4. e4 Bg7 5. f3 O-O 6. Be3 Nbd7 7. Nh3 e5 8. d5 b6
9. Qd2 a5 10. Nf2 Nc5 11. Nd3 Nfd7 12. Bg5 f6 13. Bh6 Nxd3+ 14. Bxd3 Nc5 15.
Bc2 Bd7 16. b3 Rb8 17. O-O Rf7 18. Bxg7 Kxg7 19. Rab1 Qe7 20. f4 Rbf8 21. Rf2
f5 22. exf5 Bxf5 23. fxe5 dxe5 24. Rbf1 e4 25. Qd4+ Qf6 26. Nb5 Qxd4 27. Nxd4
Nd3 28. Nxf5+ Rxf5 29. Rxf5 Rxf5 30. Rxf5 gxf5 31. Bxd3 exd3 32. Kf2 f4 33. Ke1
Kf6 34. Kd2 Ke5 35. Kxd3 h5 36. a3 {Both sides somehow made a Queen and had
one Pawn left.  Neither side recorded moves.  DRAW AGREED} 1/2-1/2

[Event "Hedgehogs-Wombats po"]
[Site "?"]
[Date "2011.05.09"]
[Round "1.6"]
[White "Kratka, Milan"]
[Black "Connelly, Patrice"]
[Result "1-0"]
[WhiteElo "1581"]
[BlackElo "1606"]
[Annotator "Friske,Tom"]
[PlyCount "153"]
[SourceDate "2011.05.11"]

1. e4 e5 2. Nf3 Nc6 3. Bc4 Bc5 4. c3 d6 5. d4 exd4 6. cxd4 Bb4+ 7. Nc3 Nf6 8.
d5 Bxc3+ 9. bxc3 Ne5 10. Nxe5 dxe5 11. Bd3 O-O 12. c4 b6 13. O-O Qd6 14. Qc2
Nh5 15. Be2 Nf4 16. Bf3 f5 17. Bxf4 exf4 18. Rfe1 fxe4 19. Bxe4 g6 20. f3 a5
21. Re2 Ba6 22. Rc1 Rae8 23. h3 Re5 24. Rd2 Qc5+ 25. Kh2 Kg7 26. Qc3 Rfe8 27.
Rd4 Kf7 28. Qd2 Kg8 29. Qc3 Bc8 30. Re1 Bf5 31. Qd3 Qe7 32. Qd2 Qh4 33. d6 Qg3+
34. Kh1 cxd6 35. Bd5+ Kf8 36. Rxe5 Rxe5 37. Be4 Bxe4 38. Rxe4 Rxe4 39. fxe4 Ke7
{time pressure !} (39... f3 $1 40. gxf3 Qxh3+ 41. Kg1 Qg3+) 40. Kg1 Qe3+ $2 (
40... f3 $1) 41. Qxe3 fxe3 42. Kf1 Kf6 43. Ke2 Ke5 44. Kxe3 a4 45. a3 h6 46. h4
g5 47. h5 Kf6 48. Kd4 Ke6 49. g4 Ke7 50. Kd5 Kd7 51. e5 dxe5 52. Kxe5 Ke7 53.
Kf5 Kf7 54. Ke5 Ke7 55. Kd5 Kd7 56. c5 b5 57. c6+ Kc7 58. Kc5 b4 59. Kxb4 Kxc6
60. Kxa4 Kd5 61. Kb4 Ke4 62. a4 Kf4 63. a5 Kxg4 64. a6 Kxh5 65. a7 g4 66. a8=Q
Kh4 67. Qh1+ Kg5 68. Kc4 h5 69. Kd4 g3 70. Ke3 Kg4 71. Qf3+ Kh4 72. Qf4+ (72.
Kf4 $1 g2 (72... Kh3 73. Qxg3#) 73. Qf2+ (73. Qxg2 $2 $11) 73... Kh3 74. Kf3 {
idea Qg3#/Qxg2#}) 72... Kh3 73. Qf5+ Kg2 74. Qf3+ Kh2 75. Qxh5+ Kg1 76. Qh3 g2
77. Kf3 1-0

[Event "Hedgehogs"]
[Site "?"]
[Date "2011.05.09"]
[Round "?"]
[White "Chavez, Alejandro"]
[Black "Coombes, Neil"]
[Result "1-0"]
[WhiteElo "1415"]
[BlackElo "1301"]
[PlyCount "79"]
[SourceDate "2011.05.11"]

1. e4 e5 2. Nf3 Nc6 3. Bb5 a6 4. Bxc6 dxc6 5. O-O Bg4 6. d3 Bc5 7. c3 Qf6 8.
Nbd2 O-O-O 9. Qc2 Ba7 10. h3 Bh5 11. Nh2 Ne7 12. Ndf3 h6 13. Be3 Bb6 14. d4
exd4 15. cxd4 Bg6 16. Ng4 Qe6 17. Nge5 Bh7 18. d5 cxd5 19. Bxb6 Qxb6 20. Nxf7
Bxe4 21. Qe2 Bxf3 22. Qxf3 Rhf8 23. Qg4+ Rd7 24. Ne5 Nf5 25. Nxd7 Kxd7 26. Rad1
c6 27. Qg6 Rf6 28. Qg4 d4 29. Rxd4+ Qxd4 30. Rd1 Qxd1+ 31. Qxd1+ Rd6 32. Qb3
Kc8 33. Qg8+ Kd7 34. Qf7+ Ne7 35. Qxg7 b5 36. f4 Rg6 37. Qf7 Kd6 38. f5 Rg5 39.
Qe6+ Kc5 40. Qxe7+ 1-0

[Event "AMARS-StCCC po"]
[Site "?"]
[Date "2011.05.12"]
[Round "1.1"]
[White "Brock, Bill"]
[Black "Wiewel, Jeff"]
[Result "1-0"]
[WhiteElo "1962"]
[BlackElo "2147"]
[Annotator "Friske,Tom"]
[PlyCount "79"]
[SourceDate "2011.05.11"]

1. d4 Nf6 2. c4 g6 3. g3 Bg7 4. Bg2 O-O 5. Nf3 c6 6. O-O d5 7. cxd5 cxd5 8. Ne5
Nc6 9. Nxc6 bxc6 10. Nc3 Nd7 11. b3 e5 12. dxe5 Nxe5 13. Ba3 Re8 14. Rc1 Ba6
15. Re1 Qa5 16. Na4 Bb5 17. Bb2 Bxa4 18. bxa4 Nc4 19. Bxg7 Kxg7 20. Rxc4 dxc4
21. Bxc6 Rad8 22. Qa1+ f6 23. Bxe8 Rxe8 24. Qb1 Qxa4 25. Qb7+ Kh6 26. Qf3 Qxa2
27. Qxf6 Qd2 28. Qh4+ Kg7 29. Rb1 Qd5 30. e3 Re4 31. Qh3 Re7 32. Qc8 Rf7 (32...
Qf5) 33. h4 a5 34. h5 Qd3 35. Rf1 a4 36. hxg6 hxg6 37. Qc5 c3 38. Qe5+ Kh7 39.
Kg2 a3 40. Rh1+ 1-0

[Event "StCCC-AMARS po"]
[Site "?"]
[Date "2011.05.12"]
[Round "1.2"]
[White "Acosta, Mariano"]
[Black "Braswell, Isaac"]
[Result "1-0"]
[WhiteElo "2149"]
[BlackElo "1863"]
[Annotator "Friske,Tom"]
[PlyCount "63"]
[SourceDate "2011.05.11"]

{Match was at G/90.  Black started 20 minutes late.} 1. Nf3 d5 2. c4 c6 3. g3
Nf6 4. Bg2 e6 5. O-O Bd6 6. b3 O-O 7. Bb2 Nbd7 8. d4 b6 9. Nbd2 Bb7 10. Qc2 Rc8
11. e4 dxe4 12. Nxe4 Nxe4 13. Qxe4 Nf6 14. Qc2 Qe7 15. Rfe1 Rfe8 16. Rad1 Ba3
17. Ba1 b5 18. Bh3 a5 19. Ng5 Bb4 20. Re3 Ra8 21. d5 Bc5 22. Bxf6 Qxf6 23.
Qxh7+ Kf8 24. Ne4 Qb2 {Black was ready to flag. Blitz rest of game.} 25. Nxc5
cxd5 26. Nxb7 Reb8 27. Nc5 bxc4 28. Nd7+ Ke7 29. Nxb8 Rxb8 30. bxc4 Qxa2 31.
cxd5 Rb2 32. Qxg7 {Black flagged} 1-0

[Event "AMARS-StCCC po"]
[Site "?"]
[Date "2011.05.12"]
[Round "1.3"]
[White "Allen, Hence"]
[Black "Suits, John"]
[Result "0-1"]
[WhiteElo "1764"]
[BlackElo "1856"]
[Annotator "Friske,Tom"]
[PlyCount "54"]
[SourceDate "2011.05.11"]

1. d4 Nf6 2. c4 g6 3. Nc3 d5 4. Nf3 Bg7 5. Bf4 O-O 6. Qd2 c6 7. O-O-O Qa5 8.
Ne5 Nbd7 9. f3 Nh5 10. Nxd7 Bxd7 11. cxd5 cxd5 12. Be3 Rac8 13. Kb1 b5 14. Nxd5
Qd8 15. Nf4 Bf5+ 16. Ka1 Rc2 17. Qb4 a5 18. Qxb5 Nxf4 19. Bxf4 Bxd4 20. Rb1 Rc5
21. Qa4 Bc2 22. Qa3 Rb5 23. e4 Bxb2+ 24. Qxb2 Rxb2 25. Kxb2 (25. Rxb2 Qd1+ 26.
Rb1 Qxb1#) 25... Bxb1 26. Kxb1 Qd1+ 27. Kb2 Rc8 0-1

[Event "StCCC-AMARS po"]
[Site "?"]
[Date "2011.05.12"]
[Round "1.4"]
[White "Von Hatten, Jeremy"]
[Black "Eaman, Rob"]
[Result "1-0"]
[WhiteElo "1802"]
[BlackElo "1770"]
[Annotator "Friske,Tom"]
[PlyCount "89"]
[SourceDate "2011.05.11"]

1. e4 c6 2. d4 d5 3. exd5 cxd5 4. Bd3 Nc6 5. c3 Nf6 6. h3 h6 7. Nf3 e6 8. Bf4
Bd6 9. Bxd6 Qxd6 10. Qe2 Bd7 11. Nbd2 Nh5 12. g3 g6 13. Nb3 b6 14. Bc2 Bc8 15.
Nc1 Bb7 16. Nd3 Nf6 17. Nde5 Nd7 18. Ba4 Ndxe5 19. Nxe5 O-O 20. Bxc6 Bxc6 21.
Qe3 Kg7 22. Ng4 Rh8 23. h4 h5 24. Ne5 f6 25. Nd3 Bb5 26. Nf4 e5 27. dxe5 fxe5
28. Nh3 d4 29. O-O-O Rad8 (29... Qc5) 30. cxd4 exd4 31. Qb3 Rc8+ 32. Kb1 Bc4
33. Qa4 a5 34. Ng5 b5 35. Qxa5 Ra8 36. Ne4 Qe5 37. Qe1 Bxa2+ 38. Kc2 Rac8+ 39.
Kd2 b4 40. Ng5 Qf6 41. f4 Rhe8 42. Qf2 Bb3 43. Rc1 Bg8 44. Qf3 Qd6 45. Qb7+ {
Neither side recorded final moves.  Black somehow allowed Qxd4#} 1-0

[Event "AMARS-StCCC po"]
[Site "?"]
[Date "2011.05.12"]
[Round "1.5"]
[White "Frank, Mark"]
[Black "Smith, Derek"]
[Result "1-0"]
[WhiteElo "1652"]
[BlackElo "1618"]
[Annotator "Friske,Tom"]
[PlyCount "71"]
[SourceDate "2011.05.11"]

1. e4 c6 2. d4 d5 3. e5 c5 4. dxc5 e6 5. Be3 Ne7 6. Nc3 Nf5 7. Qd2 Qa5 8. Nb5
Qxd2+ 9. Bxd2 Na6 10. Nd6+ Nxd6 11. cxd6 f6 12. f4 Nc5 13. Ne2 Kf7 14. Nc3 g5
15. g3 gxf4 16. gxf4 Bg7 17. Be2 h5 18. O-O-O fxe5 19. fxe5 Bxe5 20. Rdf1+ Ke8
21. Nb5 Kd7 22. Rf7+ Kc6 23. b4 (23. Rc7+ Kb6 24. b4 Na6 25. Be3+ d4 26. Nxd4 (
26. Bxd4+ Bxd4 27. Nxd4 Nxc7) 26... Nxc7 27. Nxe6+ Kc6 28. Nxc7 Rb8 29. Bxa7
Bxd6 30. Bxb8 Bxc7 31. Bxc7 Kxc7) 23... Na6 24. a4 Bd7 25. Nxa7+ Kxd6 26. Nb5+
Bxb5 27. Bxb5 Bd4 (27... Rad8 28. Rxb7) 28. c3 Ba7 29. Re1 e5 30. Rd7+ Ke6 31.
Rxb7 Nb8 32. Rf1 Rc8 33. Rh7 Nc6 34. Rh6+ Kd7 35. Rf7+ Ke8 36. Rb7 {idea Rh8#}
1-0

[Event "StCCC-AMARS po"]
[Site "?"]
[Date "2011.05.12"]
[Round "1.6"]
[White "Janssen, Gary"]
[Black "Duffy, Jim"]
[Result "1/2-1/2"]
[WhiteElo "1553"]
[BlackElo "1615"]
[Annotator "Friske,Tom"]
[PlyCount "95"]
[SourceDate "2011.05.11"]

1. e4 e5 2. Nf3 Nc6 3. Bb5 a6 4. Ba4 Nf6 5. O-O Be7 6. d3 (6. Re1) 6... b5 7.
Bb3 O-O 8. Be3 (8. c3) 8... d5 9. exd5 Nxd5 10. Qd2 Bg4 11. Ne1 Nxe3 12. fxe3
Qd7 13. Nc3 Bb4 14. a3 Ba5 15. Qf2 Be6 16. Ne4 Bxb3 17. Nc5 Qe7 18. Nxb3 Bb6
19. Kh1 Rad8 20. Qf3 e4 21. dxe4 Ne5 22. Qe2 Nc4 23. Nd3 Qxe4 24. Rf3 Rde8 25.
Nbc5 Bxc5 26. Nxc5 Qc6 27. b4 Rd8 28. Nd3 Rfe8 29. Qf2 f6 30. Rh3 Ne5 31. Nc5
Qd6 32. Qe2 Qd2 33. Qxd2 Rxd2 34. Rc1 Red8 35. g4 Nxg4 36. Rg3 Rd1+ 37. Rg1
Rxg1+ 38. Rxg1 Nxe3 39. Re1 Nxc2 40. Re7 Rd1+ 41. Kg2 Rd6 42. Ne6 Ne3+ 43. Kf2
Nf5 (43... Nd5) 44. Re8+ Kf7 45. Nxc7 Rd7 46. Rc8 Nd6 47. Ra8 Rxc7 48. Rxa6 {
Neither side recorded moves.  Black somehow blundered his Rook, Queenside
Pawns were eliminated.  By that time StCCC only needed a draw to win match, so
Gary sac'd back the exchange into a P ending that was actually won for Black,
who misplayed it into a draw.  A lot of excitement at the end of G/90 control.}
1/2-1/2

[Event "Knights-StCCC po"]
[Site "?"]
[Date "2011.05.14"]
[Round "2.1"]
[White "Fridman, Yuri"]
[Black "Wiewel, Jeff"]
[Result "1/2-1/2"]
[WhiteElo "2266"]
[BlackElo "2147"]
[PlyCount "83"]
[SourceDate "2011.05.11"]

1. Nf3 d5 2. d4 c5 3. g3 Nc6 4. Bg2 cxd4 5. Nxd4 e5 6. Nxc6 bxc6 7. c4 Bb4+ 8.
Bd2 Bxd2+ 9. Qxd2 Ne7 10. Nc3 Bb7 11. O-O O-O 12. Rfd1 d4 13. Na4 Rb8 14. Nc5
Qd6 15. Qa5 Bc8 16. b3 Bf5 17. e3 Qd8 18. Qa6 Qb6 19. exd4 exd4 20. Qa3 Rfd8
21. Ne4 Bxe4 22. Bxe4 c5 23. Qc1 Ng6 24. Qg5 Re8 25. Bd5 Re5 26. Qd2 Rbe8 27.
Re1 a5 28. Rxe5 Rxe5 29. Re1 Qb4 30. Qxb4 axb4 31. Ra1 Ne7 32. Bf3 g5 33. a3
bxa3 34. Rxa3 f5 35. h3 Kf7 36. b4 cxb4 37. Rb3 Re1+ 38. Kg2 Rc1 39. Rxb4 d3
40. Rb3 d2 41. Rd3 Rxc4 42. Rxd2 1/2-1/2

[Event "Knights-StCCC po"]
[Site "?"]
[Date "2011.05.14"]
[Round "2.3"]
[White "Thomson, Jim"]
[Black "Fridel, Paul"]
[Result "1-0"]
[WhiteElo "2005"]
[BlackElo "1970"]
[Annotator "Friske,Tom"]
[PlyCount "97"]
[SourceDate "2011.05.11"]

1. d4 Nf6 2. c4 c5 3. d5 b5 4. cxb5 a6 5. Nc3 axb5 6. Nxb5 Ba6 7. Nc3 d6 8. g3
g6 9. Bg2 Bg7 10. Nf3 O-O 11. O-O Nbd7 12. Re1 Qc7 13. Qc2 Rfb8 14. e4 Ng4 15.
Bf1 Nge5 16. Kg2 Nxf3 17. Kxf3 Bxf1 18. Rxf1 Qa5 19. Kg2 Nb6 20. Nd1 Qa4 21. b3
Qb4 22. Bb2 Bxb2 23. Nxb2 Ra7 24. f3 Rba8 25. a4 c4 26. Nxc4 Nxc4 27. Qxc4 Qxc4
28. bxc4 Rxa4 29. Rxa4 Rxa4 30. Rc1 Ra5 31. Rc2 Kg7 32. Kf2 Kf6 33. f4 e5 34.
h4 h5 35. Rc3 Rc5 36. Ke3 Ra5 37. Kd3 Rc5 38. Ra3 Rc7 (38... exf4 39. gxf4 Rc7
40. Ra6 Ke7 41. e5 dxe5 $4 42. d6+) 39. Ra6 Rd7 (39... Ke7 $2 40. fxe5 dxe5 41.
d6+) 40. c5 Ke7 41. c6 Rc7 42. Kc4 f5 43. fxe5 dxe5 44. Kc5 Rc8 45. d6+ Ke6 46.
d7 Rd8 47. c7+ Kxd7 48. cxd8=Q+ Kxd8 49. Kd5 1-0

[Event "StCCC-Knights po"]
[Site "?"]
[Date "2011.05.14"]
[Round "2.4"]
[White "Von Hatten, Jeremy"]
[Black "Cherkassky, Georgiy"]
[Result "1-0"]
[WhiteElo "1802"]
[BlackElo "1764"]
[PlyCount "53"]
[SourceDate "2011.05.11"]

1. e4 c5 2. Nc3 d6 3. f4 Nc6 4. Nf3 Bg4 5. Be2 e5 6. fxe5 Bxf3 7. Bxf3 Nxe5 8.
O-O Nf6 9. d4 cxd4 10. Qxd4 Be7 11. Bf4 Ng6 12. Bg3 Qd7 13. Be2 a6 14. h4 h5
15. Rf5 O-O-O 16. Rd1 Rhf8 17. Bf3 Ne8 18. Qa7 Nc7 19. e5 Qxf5 20. Qxb7+ Kd7
21. exd6 Qc5+ 22. Kh1 Bxd6 23. Ne4 Qxc2 24. Nxd6 Ke7 25. Re1+ Kd7 26. Be4 Qc5
27. Bf5+ 1-0

[Event "Knights-StCCC po"]
[Site "?"]
[Date "2011.05.14"]
[Round "2.5"]
[White "Balicki, Jeff"]
[Black "Janssen, Gary"]
[Result "1-0"]
[WhiteElo "1799"]
[BlackElo "1553"]
[PlyCount "133"]
[SourceDate "2011.05.11"]

1. d4 d5 2. Nf3 Nf6 3. Bg5 e6 4. e3 Be7 5. Nbd2 a6 6. Bd3 b5 7. c3 Bb7 8. Bxf6
Bxf6 9. Qe2 Nd7 10. e4 dxe4 11. Nxe4 Be7 12. Rd1 Nf6 13. Nxf6+ Bxf6 14. Bxb5+
c6 15. Bd3 O-O 16. O-O g6 17. Ne5 Bg7 18. Bc4 Bxe5 19. dxe5 Qc7 20. Rd6 Rfd8
21. Rfd1 Kf8 22. Qd2 Rxd6 23. exd6 Qd7 24. Qd4 Kg8 25. Bb3 Rd8 26. Qf6 Qc8 27.
d7 Rxd7 28. Re1 Qd8 29. Qe5 Rd2 30. c4 Qd4 31. Qxd4 Rxd4 32. Rd1 Rxd1+ 33. Bxd1
c5 34. f4 Be4 35. Kf2 Kg7 36. Bf3 Bxf3 37. Kxf3 f5 38. Ke3 Kf6 39. b4 e5 40.
fxe5+ Kxe5 41. bxc5 Ke6 42. Kf4 h6 43. h4 Kf6 44. c6 g5+ 45. hxg5+ hxg5+ 46.
Ke3 Ke7 47. c5 Kd8 48. Kd4 Kc7 49. Ke5 Kxc6 50. Kxf5 Kxc5 51. Kxg5 Kb4 52. Kf4
a5 53. g4 Ka3 54. g5 Kxa2 55. g6 a4 56. g7 a3 57. g8=Q+ Kb2 58. Qg2+ Ka1 59.
Qf1+ Kb2 60. Qe2+ Ka1 61. Qd1+ Kb2 62. Qd2+ Ka1 63. Qc3+ Ka2 64. Ke3 Kb1 65.
Qb3+ Ka1 66. Qxa3+ Kb1 67. Qd3+ 1-0

[Event "Hedgehogs-DGCC po"]
[Site "?"]
[Date "2011.05.14"]
[Round "2.1"]
[White "Franklin, D."]
[Black "Klug, Stefan"]
[Result "1/2-1/2"]
[WhiteElo "2206"]
[BlackElo "2151"]
[Annotator "Friske,Tom"]
[PlyCount "92"]
[SourceDate "2011.05.11"]

1. e4 Nf6 2. e5 Nd5 3. d4 d6 4. c4 Nb6 5. exd6 exd6 6. Nc3 Be7 7. Be3 O-O 8.
Rc1 Re8 9. Be2 Bg5 10. Bxg5 Qxg5 11. Kf1 Nc6 12. Nf3 Qh6 13. b3 Bg4 14. Rc2 a6
15. Kg1 Bxf3 16. gxf3 (16. Bxf3 Nxd4 17. Qxd4 Re1#) 16... Nxd4 17. Rd2 c5 18.
Ne4 f5 19. Ng3 Re6 20. h3 Rae8 21. Kf1 Qf4 22. Kg2 Rxe2 23. Rxd4 Rxf2+ 24. Kxf2
cxd4 25. Re1 Re3 26. Rxe3 dxe3+ 27. Kg2 Qe5 28. Qd3 f4 29. Ne4 d5 30. cxd5 Nxd5
31. Qc4 h6 32. a4 Kh7 33. Qd3 Kh8 34. Qc4 Qe6 35. h4 Qc6 36. Qd3 Nb4 37. Qd8+
Kh7 38. Qf8 Qg6+ 39. Kf1 Nd3 40. Ke2 Nc1+ 41. Kf1 Qh5 42. Kg2 Qxh4 43. Qf5+ Kg8
44. Qc8+ Kh7 45. Qf5+ Kg8 46. Qc8+ Kh7 1/2-1/2

[Event "DGCC-Hedgehogs po"]
[Site "?"]
[Date "2011.05.14"]
[Round "2.2"]
[White "Bungo, Greg"]
[Black "Rauchman, Michael"]
[Result "0-1"]
[WhiteElo "2119"]
[BlackElo "2039"]
[PlyCount "72"]
[SourceDate "2011.05.11"]

1. d4 Nf6 2. Nc3 d5 3. Bg5 Nbd7 4. f3 c6 5. e4 dxe4 6. fxe4 e5 7. Nf3 Qa5 8.
Qd2 Bb4 9. Bd3 Ng4 10. h3 exd4 11. Nxd4 Nge5 12. Nf5 O-O 13. O-O f6 14. Be3 Nb6
15. a3 Bxc3 16. Qxc3 Qxc3 17. bxc3 Nbc4 18. Bc5 Rd8 19. Ne7+ Kf7 20. Bxc4+ Nxc4
21. Rab1 Rd7 22. Nxc8 Rxc8 23. Rfd1 Rcd8 24. Rxd7+ Rxd7 25. Bxa7 Nxa3 26. Rb2
Nc4 27. Rb4 b5 28. Bd4 Re7 29. Kf2 Rxe4 30. Kf3 Re1 31. g3 Ke6 32. Kf2 Rc1 33.
Ke2 Rxc2+ 34. Kf3 Rc1 35. Ke4 Kd6 36. Be3 Re1 0-1

[Event "DGCC-Hedgehogs po"]
[Site "?"]
[Date "2011.05.14"]
[Round "2.3"]
[White "Tan, Gaddiel"]
[Black "Jasaitis, Tony"]
[Result "1-0"]
[WhiteElo "1806"]
[BlackElo "1900"]
[PlyCount "67"]
[SourceDate "2011.05.11"]

1. d4 f5 2. c4 Nf6 3. Nc3 e6 4. Nh3 b6 5. f3 Be7 6. Nf2 d6 7. e3 O-O 8. Bd3 e5
9. O-O Qe8 10. d5 Qh5 11. Bd2 g5 12. Re1 a5 13. b3 Bd7 14. Ne2 Na6 15. Qc2 f4
16. exf4 exf4 17. Nxf4 Qf7 18. N4h3 Nc5 19. Bf1 Kh8 20. Nxg5 Qg7 21. Kh1 Nh5
22. Nge4 Bf5 23. Be3 Rg8 24. b4 Nxe4 25. Nxe4 Bxe4 26. Qxe4 Raf8 27. Re2 Nf4
28. bxa5 bxa5 29. Rb1 Qh6 30. Rb7 Bd8 31. c5 Rg5 32. cxd6 cxd6 33. Rb8 Rh5 34.
g3 1-0

[Event "Hedgehogs-DGCC po"]
[Site "?"]
[Date "2011.05.14"]
[Round "2.3"]
[White "Shepardson, Tom"]
[Black "Potts, Kevin"]
[Result "0-1"]
[WhiteElo "1619"]
[BlackElo "1846"]
[PlyCount "58"]
[SourceDate "2011.05.11"]

1. d4 b5 2. Nf3 Bb7 3. e3 a6 4. a4 b4 5. g3 Nf6 6. c4 c5 7. Bg2 e6 8. O-O d5 9.
Ne5 Nbd7 10. f4 Qc7 11. Nd2 Bd6 12. b3 O-O 13. Bb2 Rac8 14. Rc1 Rfd8 15. g4
dxc4 16. Ndxc4 Bxg2 17. Kxg2 Nd5 18. e4 Bxe5 19. fxe5 Nc3 20. Bxc3 bxc3 21. Nd6
cxd4 22. Rxf7 Qc6 23. Nxc8 Qxe4+ 24. Qf3 Qxf3+ 25. Rxf3 Rxc8 26. Rd3 Nc5 27.
Rdxc3 dxc3 28. Rxc3 Kf7 29. Kf2 Ne4+ 0-1

[Event "DGCC-Hedgehogs po"]
[Site "?"]
[Date "2011.05.14"]
[Round "2.6"]
[White "Romanowitz, Caleb"]
[Black "Kratka, Milan"]
[Result "0-1"]
[WhiteElo "1447"]
[BlackElo "1581"]
[PlyCount "47"]
[SourceDate "2011.05.11"]

1. d4 d5 2. c4 e5 3. Nc3 dxc4 4. d5 c6 5. e4 b5 6. dxc6 Qxd1+ 7. Kxd1 a6 8. Nd5
Ra7 9. Be3 Nxc6 10. Bxa7 Nxa7 11. a4 Bc5 12. axb5 axb5 13. Nf3 f6 14. Ke1 Ne7
15. b4 cxb3 16. Nc7+ Kf7 17. Nxb5 Bb4+ 18. Kd1 Rd8+ 19. Kc1 Nxb5 20. Bxb5 Be6
21. Kb2 Rb8 22. Ba4 Bc5 23. Nd2 Bd4+ 24. Ka3 0-1

[Event "Forks-AMARS po"]
[Site "?"]
[Date "2011.05.14"]
[Round "2.1"]
[White "Levenson, Steve"]
[Black "Brock, Bill"]
[Result "0-1"]
[WhiteElo "1961"]
[BlackElo "1962"]
[Annotator "Friske,Tom"]
[PlyCount "66"]
[SourceDate "2011.05.11"]

1. e4 e5 2. Nf3 Nc6 3. Bb5 a6 4. Ba4 Nf6 5. O-O Be7 6. Re1 b5 7. Bb3 d6 8. c3
O-O 9. d4 Bg4 10. dxe5 Nxe5 11. Nbd2 Nd3 12. Re3 Nxc1 13. Rxc1 Nd7 14. Qe1 c6
15. Nd4 Qc7 16. Rg3 Bh5 17. Nf5 Bf6 18. Qe3 Rae8 19. Qd3 (19. Qh6 Bg6) (19.
Nxg7 Bxg7 20. Qh6 Bg6) 19... Nc5 20. Qc2 Bg6 21. Rd1 d5 22. exd5 Qf4 23. Rf3
Bxf5 24. Rxf4 Bxc2 25. Bxc2 cxd5 26. Nf3 Re2 27. Ne1 Rfe8 28. Kf1 h6 29. Rf5
Ne4 30. Bxe4 R8xe4 31. Rfxd5 Rxb2 32. c4 Rxa2 33. Rc5 Re5 {score says c4-c5
here,  so something's missing.  The trades at e5 didn't look right} 0-1